| 000 | 00598nam a2200157 i 4500 | ||
|---|---|---|---|
| 001 | 65502 | ||
| 003 | ES-MaACL | ||
| 005 | 20230906165400.0 | ||
| 007 | t| | ||
| 008 | 040114q1915 sp ||||1| spa d | ||
| 100 | 1 |
_aFreyre de Andrade, Fernando. _952570 |
|
| 245 | 1 | 0 | _aDiscurso pronunciado por Fernando Freyre de Andrade, alcalde de La Habana, en la velada celebrada [en el Centro Asturiano de La Habana] el día 12 de septiembre de 1915, con motivo del reparto de premios. |
| 260 |
_a[La Habana : _bs.n., _c1915?] |
||
| 710 | 0 |
_aCentro Asturiano de La Habana. _92568 |
|
| 852 |
_aES-MaACL _j1480-F-7 |
||
| 999 |
_c65502 _d65502 |
||